<?xml version="1.0" encoding="UTF-8"?>
<record
    xmlns:xsi="http://www.w3.org/2001/XMLSchema-instance"
    xsi:schemaLocation="http://www.loc.gov/MARC21/slim http://www.loc.gov/standards/marcxml/schema/MARC21slim.xsd"
    xmlns="http://www.loc.gov/MARC21/slim">

  <leader>01316cam a2200253 a 4500</leader>
  <controlfield tag="005">20171010144043.0</controlfield>
  <controlfield tag="008">021201s2002    ck a    r     00010 spa d</controlfield>
  <datafield tag="040" ind1=" " ind2=" ">
    <subfield code="a">la </subfield>
    <subfield code="c">la</subfield>
    <subfield code="d">CO-BoIAVH</subfield>
  </datafield>
  <datafield tag="041" ind1="0" ind2=" ">
    <subfield code="a">spa</subfield>
  </datafield>
  <datafield tag="044" ind1=" " ind2=" ">
    <subfield code="a">ck</subfield>
  </datafield>
  <datafield tag="082" ind1="0" ind2="4">
    <subfield code="a">632.18 </subfield>
    <subfield code="b">C71l</subfield>
  </datafield>
  <datafield tag="110" ind1="2" ind2=" ">
    <subfield code="a">Colombia. </subfield>
    <subfield code="b">Ministerio del Medio Ambiente. </subfield>
    <subfield code="b">Direcci&#xF3;n General de Ecosistemas.</subfield>
  </datafield>
  <datafield tag="245" ind1="1" ind2="0">
    <subfield code="a">Lineamientos generales para un programa nacional de educaci&#xF3;n en prevenci&#xF3;n de incendios forestales / </subfield>
    <subfield code="c">Direcci&#xF3;n General de Ecosistemas del Ministerio del Medio Ambiente.</subfield>
  </datafield>
  <datafield tag="260" ind1=" " ind2=" ">
    <subfield code="a">Bogot&#xE1; : </subfield>
    <subfield code="b">Ediciones AECI, </subfield>
    <subfield code="c">2002.</subfield>
  </datafield>
  <datafield tag="300" ind1=" " ind2=" ">
    <subfield code="a">34 p&#xE1;ginas : </subfield>
    <subfield code="b">ilustraciones ; </subfield>
    <subfield code="c">24 x 17 cent&#xED;metros</subfield>
  </datafield>
  <datafield tag="500" ind1=" " ind2=" ">
    <subfield code="a">Formulaci&#xF3;n y puesta en marcha de los programas nacionales de capacitaci&#xF3;n e informaci&#xF3;n p&#xFA;blica en prevenci&#xF3;n y mitigaci&#xF3;n de incendios forestales en Colombia.</subfield>
  </datafield>
  <datafield tag="504" ind1=" " ind2=" ">
    <subfield code="a">Incluye referencias bibliogr&#xE1;ficas.</subfield>
  </datafield>
  <datafield tag="650" ind1="1" ind2="6">
    <subfield code="a">Prevenci&#xF3;n de incendios forestales</subfield>
    <subfield code="v"> Manuales.</subfield>
  </datafield>
  <datafield tag="650" ind1="2" ind2="6">
    <subfield code="a">Incendios forestales</subfield>
    <subfield code="x">reducci&#xF3;n de riesgos</subfield>
    <subfield code="v">Manuales.</subfield>
  </datafield>
  <datafield tag="650" ind1="2" ind2="6">
    <subfield code="a">Educaci&#xF3;n ambiental</subfield>
    <subfield code="v">Proyectos.</subfield>
  </datafield>
  <datafield tag="710" ind1="2" ind2=" ">
    <subfield code="a">Colombia.</subfield>
    <subfield code="b">Ministerio de Relaciones Exteriores.</subfield>
    <subfield code="b">Agencia Colombiana de Cooperaci&#xF3;n Internacional.</subfield>
  </datafield>
  <datafield tag="710" ind1="2" ind2=" ">
    <subfield code="a">Agencia Espa&#xF1;ola de Cooperaci&#xF3;n Internacional</subfield>
  </datafield>
  <datafield tag="942" ind1=" " ind2=" ">
    <subfield code="2">ddc</subfield>
    <subfield code="c">LIBRO</subfield>
  </datafield>
  <datafield tag="999" ind1=" " ind2=" ">
    <subfield code="c">2660</subfield>
    <subfield code="d">2660</subfield>
  </datafield>
  <datafield tag="952" ind1=" " ind2=" ">
    <subfield code="0">0</subfield>
    <subfield code="1">0</subfield>
    <subfield code="2">ddc</subfield>
    <subfield code="4">0</subfield>
    <subfield code="7">0</subfield>
    <subfield code="8">GENERAL</subfield>
    <subfield code="I">INV2017</subfield>
    <subfield code="a">Bogota</subfield>
    <subfield code="b">Bogota</subfield>
    <subfield code="d">2002-06-07</subfield>
    <subfield code="e">Instituto</subfield>
    <subfield code="g">15000.00</subfield>
    <subfield code="l">0</subfield>
    <subfield code="o">LB-632.18  C71l</subfield>
    <subfield code="p">003251</subfield>
    <subfield code="r">2012-12-04 00:00:00</subfield>
    <subfield code="t">Ej. 1</subfield>
    <subfield code="w">2012-12-04</subfield>
    <subfield code="x">Donacion</subfield>
    <subfield code="y">LIBRO</subfield>
  </datafield>
</record>
